书目信息 |
| 题名: |
实用电气工程师手册. 上册
|
|
| 作者: | 许立梓 主编 | |
| 分册: | ||
| 出版信息: | 广州 广东科技出版社 2001.10 |
|
| 页数: | 993页 | |
| 开本: | 26cm | |
| 丛书名: | ||
| 单 册: | ||
| 中图分类: | TM-62 | |
| 科图分类: | ||
| 主题词: | 电工技术 | |
| 电子资源: | ||
| ISBN: | 7-5359-1992-8 | |
| 000 | 00582nam0 2200193 45 | |
| 001 | 0360055740 | |
| 005 | 2003042516405542 | |
| 010 | @a7-5359-1992-8@b压膜@dRMB 140.00 | |
| 100 | @a20030425d2001 km y0chiy0120 ea | |
| 101 | 0 | @achi |
| 102 | @aCN@b440000 | |
| 200 | 1 | @a实用电气工程师手册. 上册@Ashi yong dian qi gong cheng shi shou ce.shang ce@f许立梓主编@Fxu li zi zhu bian |
| 210 | @a广州@c广东科技出版社@d2001.10 | |
| 215 | @a993页@d26cm | |
| 606 | 0 | @a电工技术 |
| 690 | @aTM-62@v4 | |
| 701 | 0 | @a许立梓@Axu li zi@4主编 |
| 801 | 0 | @aCN@bPFT@c20030425 |
| 905 | @a10447@dTM-62@eX870:1 | |
| 实用电气工程师手册. 上册/许立梓主编.-广州:广东科技出版社,2001.10 |
| 993页;26cm |
| ISBN 7-5359-1992-8(压膜):RMB 140.00 |
| ● |
| 相关链接 |
|
|
|
正题名:实用电气工程师手册. 上册
索取号:TM-62/X870:1
 
预约/预借
| 序号 | 登录号 | 条形码 | 馆藏地/架位号 | 状态 | 备注 |
| 1 | 366098 | 203660984 | 自科库301/ [索取号:TM-62/X870:1] | 在馆 |